| 000 | 00825cab a22001935a 4500 | ||
|---|---|---|---|
| 001 | L148991 | ||
| 008 | 091210e20091205xxk f 000 0 eng d | ||
| 035 | _a(Sirsi) u148991 | ||
| 041 | 0 | _aeng | |
| 100 | 1 | _aChurchhouse, John | |
| 245 | 0 | 0 | _aLook after invested interests |
| 260 | _c2009 | ||
| 490 |
_aEstates Gazette _v(0948) 5 December 2009, 98-99(2) |
||
| 520 | _aValuers should use more than one method when asked to value a residential investment. Overstating valuation can be avoided if the valuer carries out a property investment analysis. Worked example illustrates how to achieve different results using four different methods for valuing a block of ten flats. | ||
| 590 | _aKA | ||
| 651 | 4 |
_aEngland _y886- |
|
| 690 | _aPROPERTY-RESIDENTIAL PROPERTY-RESIDENTIAL PROPERTY APPRAISAL AND VALUATION | ||
| 942 | _n0 | ||
| 999 |
_c82025 _d82025 |
||